Automation of pre and post patching process for EP allocation and intactix application for cloud life cycle management. (Record no. 219884)

MARC details
000 -LEADER
fixed length control field 00498nam a2200157Ia 4500
003 - CONTROL NUMBER IDENTIFIER
control field OSt
005 - DATE AND TIME OF LATEST TRANSACTION
control field 20230601103149.0
008 - FIXED-LENGTH DATA ELEMENTS--GENERAL INFORMATION
fixed length control field 211028s2013 xx 000 0 und d
040 ## - CATALOGING SOURCE
Transcribing agency AIMIT LIBRARY
041 ## - LANGUAGE CODE
Language code of text/sound track or separate title eng
100 ## - MAIN ENTRY--PERSONAL NAME
Personal name Manjunath, H R; Vijay, Suchetha.
9 (RLIN) 8430
Relator term 111913
110 ## - MAIN ENTRY--CORPORATE NAME
Corporate name or jurisdiction name as entry element Suchetha Vijay
9 (RLIN) 8431
245 ## - TITLE STATEMENT
Title Automation of pre and post patching process for EP allocation and intactix application for cloud life cycle management.
260 ## - PUBLICATION, DISTRIBUTION, ETC.
Place of publication, distribution, etc. Mangalore
Date of publication, distribution, etc. 2013
942 ## - ADDED ENTRY ELEMENTS (KOHA)
Source of classification or shelving scheme Dewey Decimal Classification
Koha item type Project Report
Holdings
Withdrawn status Lost status Source of classification or shelving scheme Damaged status Not for loan Collection code Home library Current library Date acquired Source of acquisition Total Checkouts Barcode Date last seen Copy number Price effective from Koha item type
    Dewey Decimal Classification   Not for loan Project Report Soft.Technology St Aloysius Institute of Management & Information Technology St Aloysius Institute of Management & Information Technology 10/28/2021 MCA   PST00115 10/28/2021 111913 10/28/2021 Project Report